Da 5 Bloods / directed by Spike Lee ; produced by Jon Kilik, Spike Lee, Beatriz Levin, and Lyod Levin ; written by Danny Bilson, Paul De Meo, Kevin Willmott, and Spike Lee. (Record no. 20876)

000 -LEADER
fixed length control field 01657nam a22004217a 4500
008 - FIXED-LENGTH DATA ELEMENTS--GENERAL INFORMATION
fixed length control field 250528b xxu||||| |||| 00| 0 eng d
040 ## - CATALOGING SOURCE
Transcribing agency Cagayan State University
082 ## - DEWEY DECIMAL CLASSIFICATION NUMBER
Classification number 791.4372
Item number D1114 2020
245 ## - TITLE STATEMENT
Title Da 5 Bloods / directed by Spike Lee ; produced by Jon Kilik, Spike Lee, Beatriz Levin, and Lyod Levin ; written by Danny Bilson, Paul De Meo, Kevin Willmott, and Spike Lee.
260 ## - PUBLICATION, DISTRIBUTION, ETC. (IMPRINT)
Place of publication, distribution, etc United States :
Name of publisher, distributor, etc Spike Lee Publisher,
Date of publication, distribution, etc 2020.
300 ## - PHYSICAL DESCRIPTION
Extent 1 videofile (ca. 156 mins.)
Other physical details sound, color.
520 ## - SUMMARY, ETC.
Summary, etc Four African American veterans battle the forces of man and nature when they return to Vietnam looking for the remains of their fallen squad leader and the gold fortune he helped them hide.
650 ## - SUBJECT ADDED ENTRY--TOPICAL TERM
Topical term or geographic name as entry element Drama.
658 ## - INDEX TERM--CURRICULUM OBJECTIVE
Main curriculum objective War.
700 ## - ADDED ENTRY--PERSONAL NAME
Personal name Lindo, Delroy, star.
700 ## - ADDED ENTRY--PERSONAL NAME
Personal name Majors, Jonathan, star.
700 ## - ADDED ENTRY--PERSONAL NAME
Personal name Peters, Clarke, star.
700 ## - ADDED ENTRY--PERSONAL NAME
Personal name Lewis, Norm, star.
700 ## - ADDED ENTRY--PERSONAL NAME
Personal name Whitlock, Isiah Jr., star.
700 ## - ADDED ENTRY--PERSONAL NAME
Personal name Thierry, Mélanie, star.
700 ## - ADDED ENTRY--PERSONAL NAME
Personal name Hauser, Paul Walter, star.
700 ## - ADDED ENTRY--PERSONAL NAME
Personal name Pääkkönen, Jasper, star.
700 ## - ADDED ENTRY--PERSONAL NAME
Personal name Reno, Jean, star.
700 ## - ADDED ENTRY--PERSONAL NAME
Personal name Boseman, Chadwick, star.
700 ## - ADDED ENTRY--PERSONAL NAME
Personal name Lee, Spike, director.
700 ## - ADDED ENTRY--PERSONAL NAME
Personal name Bilson, Danny, writer.
700 ## - ADDED ENTRY--PERSONAL NAME
Personal name De Meo, Paul, writer.
700 ## - ADDED ENTRY--PERSONAL NAME
Personal name Willmott, Kevin, writer.
700 ## - ADDED ENTRY--PERSONAL NAME
Personal name Lee, Spike, writer.
700 ## - ADDED ENTRY--PERSONAL NAME
Personal name Kilik, Jon, producer.
700 ## - ADDED ENTRY--PERSONAL NAME
Personal name Lee, Spike, producer.
700 ## - ADDED ENTRY--PERSONAL NAME
Personal name Levin, Beatriz, producer.
700 ## - ADDED ENTRY--PERSONAL NAME
Personal name Levin, Lloyd, producer.
700 ## - ADDED ENTRY--PERSONAL NAME
Personal name Sigel, Newton Thomas, cinematographer.
700 ## - ADDED ENTRY--PERSONAL NAME
Personal name Gough, Adam, editor.
700 ## - ADDED ENTRY--PERSONAL NAME
Personal name Blanchard, Terence, composer.
942 ## - ADDED ENTRY ELEMENTS (KOHA)
Source of classification or shelving scheme
Item type Audio-Visual Materials
Holdings
Source of acquisition Price effective from Permanent location Date last seen Not for loan Date acquired Source of classification or shelving scheme Koha item type Collection code Shelving location Damaged status Lost status Withdrawn status Current location Full call number
Donation2025-05-28Cagayan State University - Carig Library2025-05-28 2025-05-28 Audio-Visual MaterialsElectronic Media CenterElectronic Media Center   Cagayan State University - Carig Library791.4372 D1114 2020

Cagayan State University University Library, Carig Campus
Tuguegarao City, Cagayan 3500 | www.csucarig.edu.ph

Powered by Koha